Human molecular genetics / (Record no. 14924)

000 -LEADER
fixed length control field 00465cam a2200157 a 4500
020 ## - INTERNATIONAL STANDARD BOOK NUMBER
ISBN 0471133736 (pbk. : alk. paper)
040 ## - CATALOGING SOURCE
Transcribing agency DLC
082 ## - DEWEY DECIMAL CLASSIFICATION NUMBER
Classification number 573 WIL 1996 A961 Or.
100 1# - MAIN ENTRY--AUTHOR NAME
Personal name Strachan, T.
245 10 - TITLE STATEMENT
Title Human molecular genetics /
260 ## - PUBLICATION, DISTRIBUTION, ETC. (IMPRINT)
Place of publication Oxford :
Name of publisher BIOS Scientific Publishers ;
Place of publication New York :
Name of publisher Wiley-Liss,
Year of publication 1996.
300 ## - PHYSICAL DESCRIPTION
Number of Pages xiv, 597 p. :
Other physical details ill. (some col.) ;
Dimensions 28 cm.
650 #0 - SUBJECT ADDED ENTRY--TOPICAL TERM
Topical Term Molecular genetics.
700 1# - ADDED ENTRY--PERSONAL NAME
Personal name Read, Andrew P.,
942 ## - ADDED ENTRY ELEMENTS (KOHA)
Koha item type សៀវភៅភាសាអង់គ្លេស
952 ## - LOCATION AND ITEM INFORMATION (KOHA)
Withdrawn status [LOCAL, KOHA] 0
Holdings
Permanent Location Date acquired Koha item type Lost status Shelving location Barcode Current Location Full call number
Library Block A2017-11-01សៀវភៅភាសាអង់គ្លេស A061A19509Library Block A573 WIL 1996 A061 Or.
មជ្ឈមណ្ឌលឯការនៃសាកលវិទ្យាល័យភូមិន្ទកសិកម្មចំការដូង

Powered by Koha